Vplyv nových trendov v marketingovej komunikácii na konkurencieschopnosť podnikov diplomová práca

Na minha lista:
Detalhes bibliográficos
Autor principal: Erdélyiová, Miroslava
Autor Corporativo: Obchodná fakulta EU. Katedra informatiky obchodných firiem
Outros Autores: Potisková, Ingrid
Formato: Livro
Idioma:eslovaco
Publicado em: Bratislava 2019
Tags: Adicionar Tag
Sem tags, seja o primeiro a adicionar uma tag!

MARC

LEADER 00000nbm a2200000 4500
001 0254049
005 20191023135112.3
041 0 |a slo 
044 |a SK 
245 1 0 |a Vplyv nových trendov v marketingovej komunikácii na konkurencieschopnosť podnikov  |b diplomová práca  |c Miroslava Erdélyiová ; školiteľ: Ingrid Potisková 
264 1 |a Bratislava  |c 2019 
300 |a 70 s. 
100 1 |a Erdélyiová, Miroslava 
700 1 |a Potisková, Ingrid 
710 2 |a Obchodná fakulta EU. Katedra informatiky obchodných firiem